000 00522nam a2200193Ia 4500
003 GCL
008 140319s9999 xx 000 0 ara d
040 _aGCL /
_cGCL
082 0 4 _aط
_b823.083
_bا ن
100 1 _aامينة السعيد
245 1 0 _aنساء صغيرات /
_cامينة السعيد
260 _a[S.N] :
_bدار المعارف
300 _a173 ص
490 _a
650 0 4 _aالاطفال
650 0 4 _aالقصص الاجتماعية
650 0 4 _aقصص الاطفال
942 _2ddc
_cBK
999 _c34432
_d34432